000 00617nam a2200217Ia 4500
003 GCL
008 140319s9999 xx 000 0 eng d
040 _aGCL /
_cGCL
082 0 4 _aP
_b325.67
_bR I
100 1 _aRUSSELL, SHARON S.
245 1 0 _aINTERNATIONAL MIGRATION AND DEVELOPMENT IN SUB-SAHARON AFRICE /
_cRUSSELL, SHARON S.
700 1 _aJACOBSEN, KAREN
700 1 _aSTANLEY, WILLIAM DEANE
260 _a[S.N] :
_bTHE WORLD BANK ،
_c1990
300 _a156 P
650 0 4 _aECONOMIC POLICY
650 0 4 _aAFRICA
650 0 4 _aECONOMIC ASPECTS
650 0 4 _aEMIGRATION AND IMIGRATION
942 _2ddc
_cCR
999 _c25899
_d25899